Hawthorn Three-peat AFL Premiership Players (2013-2015) - Statistics

General Stats
  • This quiz has been taken 43 times
  • The average score is 22 of 29
Answer Stats
Role Player Years % Correct
Foll Luke Hodge 2013-15
100%
C Sam Mitchell 2013-15
100%
HF Cyril Rioli 2013-15
97%
FF Jarryd Roughead 2013-15
97%
C Jordan Lewis 2013-15
97%
FF Jack Gunston 2013-15
94%
HF Lance Franklin 2013
94%
HF Luke Breust 2013-15
91%
FF Paul Puopolo 2013-15
91%
FB Brian Lake 2013-15
88%
C Isaac Smith 2013-15
88%
Foll David Hale 2013-15
85%
HB Josh Gibson 2013-15
82%
HB Shaun Burgoyne 2013-15
79%
C Bradley Hill 2013-15
76%
FF Ben McEvoy 2014-15
73%
Foll Will Langford 2014
73%
HB Matt Spangher 2014
67%
HF Ryan Schoenmakers 2015
67%
FB Ben Stratton 2013-15
61%
FB Grant Birchall 2013-15
61%
HB Matt Suckling 2014-15
61%
Foll Brad Sewell 2013
58%
Foll Liam Shiels 2013-15
58%
HB Taylor Duryea 2014-15
58%
FB James Frawley 2015
52%
Foll Max Bailey 2013
48%
HB Brent Guerra 2013
42%
C Jonathan Simpkin 2013
33%
No matching quizzes found
Score Distribution
Percent of People with Each Score
Percentile by Number Answered
Your Score History
You have not taken this quiz